000 01324nam a2200253 i 4500
001 158961
003 ES-MaACL
005 20231226160259.0
008 940202s1858 sp |||| | spa d
080 _a930.85(100)"18"
100 1 _aMartínez de la Rosa, Francisco,
_d1787-1862
_978009
245 1 0 _aDiscurso pronunciado por el Excmo. Sr. D. Francisco Martínez de la Rosa, el día 3 de noviembre de 1858, con motivo de la apertura de las cátedras del Ateneo Científico y Literario de esta corte.
260 _aMadrid :
_b[s.n.],
_c1858 (
_fImp. de Tejado, a cargo de Francisco de Robles)
300 _a16 p. ;
_c25 cm.
530 _aDisponible en formato digital.
594 _aTema del discurso: La civilización moderna y los adelantos del siglo XIX.
610 2 4 _aAteneo de Madrid-
_vDiscursos de apertura-
_yS.XIX.
_91912
650 4 _aCivilización-
_yS.XIX.
_9146955
650 4 _aTecnología y civilización.
_917420
852 4 _aES-MaACL
_jT-95-F-13
_z- Enc. hol., falto de cub. original
_z- Enc. en un vol. facticio
852 4 _aES-MaACL
_jT-154-F-8
_z- Enc. hol., falto de cub. original
_z- Enc. en un vol. facticio
856 4 _uhttp://www.bibliotecavirtualdeandalucia.es/catalogo/es/consulta/registro.cmd?id=8176
_zBiblioteca Virtual de Andalucía
999 _c158961
_d158961